[Event "Turnier 40 / 120"]
[Site "Wien"]
[Date "2022.09.09"]
[Round "1"]
[White "Mephisto Atlanta SH7034 - 20 MHZ"]
[Black "Mephisto London 68000 - 12 MHZ"]
[Result "0-1"]
[BlackElo "2194"]
[WhiteElo "2192"]

{Analyse ----> Komodo 13.02.} 1. c4 e5 2. Nc3 Nf6 3. Nf3 Nc6 4. e3 Bb4 5.
Qc2 Bxc3 6. Qxc3 Qe7 7. a3 d5 8. d4 {Buchende} Nxd4 {Buchende / diese
Eröffnung gab es auch im Match gegen Mephisto Magellan und endet mit Remis}
9. Nxe5 {Buchbewertung Mephisto Atlanta: +0,1} Qxe5 {Buchbewertung Mephisto
London 68000: -0,06 lt. Komodo ist die Stellung ausgeglichen} 10. Qxd4 Qxd4
11. exd4 O-O 12. Bf4 Re8+ 13. Be2 {klar schwächer als Le3, nach dem Textzug
steht Schwarz etwas besser, Komodo +0,70} c6 {hier sorgt
überraschenderweise Mephisto London 68000 für die Abweichung zur Partie
gegen Magellan wohl wieder aufgrund der unterschiedlichen Bedenkzeiten,
gegen diesen machte er aber den klar besseren Zug 13. dxc4, nach dem
Textzug ist die Stellung im Lot} 14. b3 Bf5 15. Be3 Bc2 16. b4 {weniger
gut, besser ist Ld1 mit Ausgleich, Komodo -0,70} dxc4 17. Bxc4 Ng4 {besser
ist b5, nach dem Textzug ist die Stellung wieder im Lot, Komodo 0,00} 18.
O-O Rad8 19. h3 Nxe3 20. fxe3 Re7 21. Rac1 Be4 22. Rc3 Bd5 23. Be2 Rde8 24.
Kf2 a6 25. a4 f6 26. g3 Be4 27. b5 cxb5 28. axb5 axb5 29. Bxb5 Ra8 30. Bc4+
Kf8 31. Rfc1 Ke8 32. Bd3 Bxd3 33. Rxd3 {die Stellung ist im Lot, Komodo
0,00} b5 34. Rb3 Rb7 35. e4 b4 36. Kf3 Ra3 37. Rb1 Rxb3+ 38. Rxb3 Kd7 39.
Ke3 Kc6 40. Rb1 Kb5 41. Rb2??? {was für ein Horrorzug !!!, der die Partie
sofort verliert, Komodo -4,00 mit der Fortsetzung Ka4, nötig war natürlich
Kd3 und es ist Remis} Ra7??? {hier hat Mephisto London 68000 echt Pech, er
nimmt sich für diesen Zug 14 Minuten !! Bedenkzeit und verwirft im
allerletzten Augenblick den Gewinnzug Ka4, den er bis zum Schluss mit +0,27
bewertete nach 14 Minuten spielt er den Textzug mit einer Bewertung von
+0,48, damit verschenkt er den Sieg, nach dem Textzug ist die Partie wieder
Remis, Komodo 0,00 mit der Fortsetzung d5} 42. Rc2??? {der nächste
Horrorzug, der sogar noch schlechter ist als der vorige, einfach unfassbar,
danach ist natürlich sofort alles verloren, Komodo -8,00 mit der
Fortsetzung b3} b3! {klar was sonst, das war es dann} 43. Rc8 Kb4!
{richtig, Komodo +9,00} 44. Kd3 {Mephisto Atlanta hat keine Ahnung von der
Gefahr, nur -0,1} Ka3! {Mephisto London 68000: +0,81} 45. Rb8 b2 46. Kc3
Rc7+ 47. Kd2 Ka2 48. Ra8+ Kb1 49. Ra4 Rc2+ 50. Kd1 Rc3 51. Kd2 Rxg3 52. h4
Rg2+ 53. Kd1 Rg1+ 54. Kd2 Rg4 55. d5 Rxh4? {deutlich besser ist Tg2+ lt.
Komodo um 3,5 Bauerneinheiten schwächer, Komodo +1,70} 56. d6 Rh2+ 57. Kd1
Rh3 58. Kd2 Rb3 59. d7 Rb8 60. Rb4 Rd8 61. Kc3 Rxd7 62. Rxb2+ Kc1 {Schwarz
steht klar auf Gewinn, 3 geschlossene Bauern, davon 2 Freibauern, das
sollte nur noch Formsache sein, Komodo +2,00, wundert mich, dass er das
nicht schon höher bewertet / Stockfish 15: +8,00} 63. Rb5 h6 64. Rc5 Ra7
65. Kd3+ Kd1 66. Rh5??? {ein grottenschlechter Zug, danach ist alles
vorbei, ja eine Mattdrohung aber natürlich völlig absurd, da der weisse
König abgedrängt wird, deutlich mehr Widerstand leistet natürlich noch das
mehr als Offensichtliche Ke3, der König müsste natürlich zum Königsflügel
zu den gegnerischen Bauern eilen, nach dem folgenden Ta3+ ist er natürlich
aus dem Spiel, einfach nur grauenhaft !!!} Ra3+ {Rest geschenkt} 0-1
[/pgn]
[pgn]

[Event "Turnier 40 / 120"]
[Site "Wien"]
[Date "2022.12.19"]
[Round "2"]
[White "Mephisto London 68000 - 12 MHZ"]
[Black "Mephisto Atlanta SH7034 - 20 MHZ"]
[Result "1/2-1/2"]
[BlackElo "2192"]
[WhiteElo "2194"]

{Analyse ------> Komodo 13.02.} 1. d4 e6 2. e4 d5 3. Nc3 Nf6 4. e5 Nfd7 5.
f4 c5 6. Nf3 Nc6 7. Be3 Qb6 8. Na4 Qa5+ 9. c3 c4 {Buchende} 10. b4 Qc7
{Buchbewertung Mephisto Atlanta: +0,1} 11. Be2 Be7 12. O-O {Buchende} O-O
13. Qc2 {Buchbewertung Mephisto London 68000: +0,45 / lt. Komodo steht
Weiss knapp besser mit ca. +0,30} b5 {lt. Komodo der beste Zug, das
schreibe ich extra dazu, da es mir persönlich eigentlich nicht gefällt, das
Feld c5 freizugeben und den Springer dort hin zu lassen, dennoch Komodo
wird es wahrscheinlich besser wissen als ich.} 14. Nc5! {na klar, Atlanta
rechnete mit Sb2 ?} Nxc5! {wieder der beste Zug lt. Komodo, danach erhält
Weiss einen gedeckten Freibauern, mutet für mich komisch an, aber bitte,
Komodo +0,30 für Weiss} 15. bxc5 b4 {gut jetzt erhält auch Schwarz einen
gedeckten Freibauern} 16. Ng5 Bxg5? {ein schlechter Zug, danach steht Weiss
besser, Komodo -0,90, nötig war g6 mit annäherndem Ausgleich} 17. fxg5 bxc3
18. Qxc3 Rb8?? {klar schwächer als Da5, lt. Komodo man muss fast sagen
"nur" -1,10 somit nur um ca. 0,3 Bauerneinheiten schlechter, lt. Stockfish
15 ist es bereits ein Katastrophenzug, der um ganze 2 Bauerneinheiten
schlechter ist als Da5 und die Partie bereits verliert, Stockfish 15: -2,30
!!!} 19. Rab1?? {ein grottenschlechter Zug, der nahezu den gesamten Vorteil
verspielt, Komodo +0,40 mit der Fortsetzung Ld7} Rxb1 20. Rxb1 Bb7 {besser
ist Ld7, Komodo -0,70} 21. Rf1 Ne7 22. Bg4 Ba8 23. Qc2 a6 24. Qf2 {Weiss
steht klar besser, Komodo +1,30} Ng6?? {Mephisto Atlanta ist ahnungslos in
dieser Stellung, Bewertung 0,0 ?? / ein grottenschlechter Zug, der
natürlich Weiss zu dem Vorstoss h4 animiert, um den Springer anzugreifen,
danach ist die Partie bereits verloren, Komodo -1,70, besser ist noch Dd7}
25. h4! {na sonnenklar, was sonst, Atlanta rechnete mit Tc1 ??, Mephisto
London sieht völlig zurecht klaren Vorteil: Bewertung: +1,39 !! / Komodo
+1,70} Rc8 {Atlanta tappt blind durch diese Partie, glaubt hier tatsächlich
noch an eine ausgeglichene Stellung, Bewertung: 0,0 ??, rechnet mit Ld2,
Lb7, Lh5 ?? einfach ahnungslos !!!} 26. h5! {na sonnenklar, wie gesagt,
auch das überrascht Atlanta, Mephisto London 68000: +1,57 sieht sich klar
im Vorteil / Komodo +3,20, auch das beeindruckt Atlanta noch nicht, er
sieht sich nur mit -0,1 im Nachteil ?? / die Partie ist bereits verloren
für Schwarz !} Nf8 27. h6? {das ist eindeutig der falsche Bauer, zwar
bleibt Weiss natürlich auch nach dem Textzug klar in Vorteil, allerdings
deutlich schwächer als g6, danach wäre schon alles erledigt gewesen,
natürlich gewinnt auch diese Fortsetzung, Komodo +1,70} Ng6 {Atlanta bleibt
stur auf seiner Linie: Bewertung: 0,0 ?} 28. a3 {Mephisto London 68000
sieht es völlig zurecht ganz anders: +1,21 / Komodo +1,50} Bb7 29. Rb1
{deutlich schwächer als Ld1, Komodo +1,00} Bc6 30. hxg7 Kxg7? {deutlich
schwächer als Tb8, verdoppelt den Nachteil von Schwarz, nach Tb8 wäre Weiss
nur noch mit ca. +0,80 im Vorteil gewesen, nach dem Textzug steht Schwarz
ganz schlecht, Komodo -1,50} 31. Rb6 a5 {besser ist noch Kg8, nach dem
Textzug ist die Partie praktisch schon verloren, Komodo -1,80} 32. Bd2 a4
33. Bh5 Kg8 34. Qf6 Bb7??? {ein absoluter Katastrophenzug, danach ist die
Partie sofort verloren, Komodo -9,00 !! mit der Fortsetzung Lxg6, hxg6,
Kf2, c3, Tb1 und aus ist es, nötig war Tb8 mit ca. -1,50} 35. Bd1???
{Mephisto London 68000 verpasst den sofortigen Gewinn, der Textzug ist um
ganze 7 Bauerneinheiten !! schlechter als Lxg6, Komodo +1,80} Bc6 36. Bc2
Qd7 37. Kh1 Re8 38. Rb1 Rc8 39. Rf1 Qe8 40. Rf2 Bb5 41. Kg1 Qd7 42. Rf3 Bc6
{Weiss steht klar auf Gewinn, Komodo +2,00} 43. Rf1 Bb5 44. Rf2 Bc6 45. Kh1
Qe8 46. Rf1 Qd7 47. Rf3 Rb8 48. Rf2 Rc8 49. Kh2 {Weiss steht klar auf
Gewinn, Komodo +2,00 allerdings wurde schon länger kein Fortschritt
erzielt, irgendwie scheint es Mephisto London 68000 an der zündenden Idee
zu fehlen, um das auch zum Sieg zu führen.} Bb5 50. Bc3 Bc6 51. Kg1 Bb5 52.
Kh1 Bc6 53. Bb4 Qe8 54. Qf3 Nf8 55. Kg1 Ng6 56. Qf6 Nf8 57. Bd2 Ng6 58. Rf1
Qd7 59. Rf3 Qe8 60. Kh1 Rc7 61. Ba5 Rc8 62. Kg1 Bd7 63. Bb4 Bc6 64. Bc3 Rc7
65. Ba5 Rc8 66. Rh3 Bb5 67. Bb6 Bc6 68. Rf3 Qd7 69. Rf1 Qe8 70. Ba5 Nf8 71.
Bd2 Ng6 72. Bb1 Qd7 73. Bc3 Bb7 74. Bc2 Bc6 75. Kh1 Qe8 76. Bb1 Rb8 77. Bb4
Rc8 78. Kg1 Bb5 79. Rf2 Bc6 80. Kh2 Nf8 81. Bc2 Ng6 82. Bd2 Bb5
{50-Züge-Regel} 1/2-1/2
[/pgn]
[pgn]

[Event "Turnier 40 / 120"]
[Site "Wien"]
[Date "2022.12.19"]
[Round "3"]
[White "Mephisto Atlanta SH7034 - 20 MHZ"]
[Black "Mephisto London 68000 - 12 MHZ"]
[Result "1-0"]
[BlackElo "2194"]
[WhiteElo "2192"]

{Analyse -----> Komodo 13.02.} 1. d4 Nf6 2. Nf3 e6 3. c4 b6 4. a3 Bb7 5.
Nc3 d5 6. cxd5 Nxd5 7. e3 {Buchende} g6 8. Bd3 {Buchbewertung Mephisto
Atlanta: +0,3} Bg7 {Buchende} 9. e4 Nxc3 {Buchbewertung Mephisto London
68000: -0,33 / lt. Komodo ist die Stellung im Lot} 10. bxc3 O-O 11. O-O c5
12. Bg5 Qd6 13. e5 Qc7 14. Qe2 Rc8 15. Rfd1 h6 16. Bf4 Nd7? {ein schlechter
Zug, danach ist Weiss klar im Vorteil, Komodo +1,20 mit der Fortsetzung
De3, deutlich besser ist Sc6 mit Ausgleich} 17. Rac1? {deutlich schwächer
als De3, danach ist Weiss nur noch knapp im Vorteil, Komodo +0,40} Nf8
{besser ist b5, Komodo -0,70} 18. Bc2? {klar schwächer als Le3, danach ist
die Stellung im Lot} Qe7 19. Qe3 Nd7 {etwas besser ist cxd4} 20. Bxh6 Bxh6
21. Qxh6 Bxf3 22. gxf3 cxd4 23. cxd4 {besser ist Le4, nach dem Textzug ist
Weiss knapp im Vorteil mit ca. +0,50} Qxa3 24. Bxg6? {verschenkt jeglichen
Vorteil, Komodo 0,00, immer noch war Le4 besser} fxg6 25. Qxg6+ Kf8 26.
Qxe6 Rxc1 27. Qh6+ Ke8?? {ein Verlustzug, danach geht die Partie verloren,
Komodo -2,60 mit der Fortsetzung Txc1, nötig war Kg8 und es ist Remis} 28.
Rxc1 Qxf3 29. Qe6+?? {verschenkt den Sieg, danach ist nahezu der gesamte
Vorteil dahin und Weiss nur noch mit ca. +0,50 im Vorteil} Kd8 30. d5?
{leichten Vorteil versprach immer noch Dg6, nach dem Textzug ist jeglicher
Vorteil dahin, Komodo 0,00} Qf4 31. Qg8+ Qf8 32. Qg5+ Qe7 33. Qg8+ Qf8 34.
Qh7 Qf4 35. Qh8+ Nf8 36. Rc4 Qf3 37. d6 Ke8 38. Rd4 Qf7??? {ein Verlustzug,
danach ist die Partie sofort verloren, Komodo -3,50 mit der Fortsetzung es
gewinnt entweder d7+ oder e6, Remis gehalten hätte der von Atlanta richtig
vorgeschlagene Zug Td8} 39. e6! {Mephisto Atlanta macht den richtigen Zug,
sieht aber erst geringen Vorteil aber immerhin: +0,6} Qg6+ 40. Kh1 Qb1+ 41.
Kg2 Qg6+ 42. Kf3 Qh7 43. Qxh7 Nxh7 44. Rg4 Nf6 45. Rh4 Kf8 46. Rh8+ Ng8 47.
Rh7 Ke8 48. Kf4 a5 {Komodo Matt in 13 mit der Fortsetzung Ke5} 49. Ke5 b5
50. Rg7 Nh6 51. Rg6 Kf8 {Mephisto London 68000: -10,4 -----> aufgegeben /
Matt in 9} 1-0
[/pgn]
[pgn]

[Event "Turnier 40 / 120"]
[Site "Wien"]
[Date "2022.12.20"]
[Round "4"]
[White "Mephisto London 68000 - 12 MHZ"]
[Black "Mephisto Atlanta SH7034 - 20 MHZ"]
[Result "1-0"]
[BlackElo "2192"]
[WhiteElo "2194"]

{Analyse -----> Komodo 13.02.} 1. d4 e6 2. e4 d5 3. Nd2 c5 4. exd5 exd5
{Buchende} 5. Bb5+ Bd7 {Buchbewertung Mephisto Atlanta: +0,1} 6. Qe2+
{Buchende} Qe7 {richtig von der Theorie wäre der noch im Buch von London
68000 gespeicherte Zug Le7, danach wäre die Stellung exakt im Lot, nach dem
Textzug steht Weiss knapp besser mit ca. +0,30 lt. Komodo} 7. Bxd7+
{Buchbewertung Mephisto London 68000: +0,69} Nxd7 8. dxc5 Nxc5 9. Ndf3 Nf6
10. Be3 O-O-O 11. Nd4 Re8 12. h3 {weniger gut, danach ist die Stellung im
Lot, Komodo 0,00 / etwas Vorteil versprach 0-0-0 mit ca. +0,60} Nce4 13.
O-O-O Ng3 14. fxg3 Qxe3+ 15. Qxe3 Rxe3 16. Ngf3 g6 17. Rhf1 Ne4 18. g4 Bh6
19. Kb1 Re8 {die Stellung ist im Lot, Komodo 0,00} 20. c3 f6 21. Nb5 a6 22.
Nbd4 Bg7 23. Nh4 Ng3 24. Rf3 Re1 25. Kc2 Rxd1 26. Kxd1 Ne4 27. Rf1 Kd7 28.
Nhf3 Bh6 29. Ne1 Bg5 30. Nd3 Bh4 31. Kc2 Kd6 {die Stellung ist immer noch
im Lot, Komodo 0,00} 32. a3 Bg5 33. Nf4 b6 34. Nde2 Re5 35. Nd3 Re7 36. Nd4
Nd2 37. Rf2 Nc4 38. g3 Ne3+ 39. Kb3 Re8 40. a4 Kd7 41. Kb4 Kc7 42. a5 Kb7?
{weniger gut, danach ist Weiss etwas im Vorteil, Komodo -0,50, besser ist
bxa5 und die Stellung ist exakt im Lot} 43. axb6 Kxb6 44. Ka4 Ka7?? {ein
ganz schlechter Zug, danach ist Weiss bereits sehr klar im Vorteil, Komodo
+1,30 mit der Fortsetzung Te2, nötig war a5 mit nur sehr geringem Vorteil
für Weiss.} 45. Nb4 {praktisch gleichwertig mit Te2, Komodo +1,20} Nd1 46.
Rh2 Ne3? {besser ist noch Kb7, nach dem Textzug ist die Partie praktisch
verloren, Komodo -1,90 mit der Fortsetzung Te2} 47. Nf3? {nicht ideal,
halbiert in etwa den Vorteil von Weiss, Komodo +1,00} Bh6 48. Re2 Re4??
{ein ganz schlechter Zug, danach ist die Partie wieder verloren, Komodo
-2,00 mit der Fortsetzung Sd2, nötig war f5} 49. Nd2 Re8 50. Nxd5! {na
sonnenklar, damit ist die Partie entschieden, Komodo +1,80} Nxd5???
{nochmal ganz schlecht, damit ist endgültig alles aus, Komodo -3,00, besser
ist noch Te5} 51. Rxe8 Bxd2 52. Kb3 Bg5 53. c4 Nc7 54. Re7 Kb7 55. Rxh7 {da
ist nichts mehr zu retten für Schwarz, Komodo -5,00} Be3 56. Rf7 Bd4 57. h4
Kc6 58. h5 gxh5 59. gxh5 {Rest geschenkt} 1-0
[/pgn]
[pgn]